Business english at work / (Record no. 347221)
[ view plain ]
| 000 -LEADER | |
|---|---|
| fixed length control field | 00986 a2200193 4500 |
| 020 ## - INTERNATIONAL STANDARD BOOK NUMBER | |
| International Standard Book Number | 0028025385 (paperback) |
| 020 ## - INTERNATIONAL STANDARD BOOK NUMBER | |
| International Standard Book Number | 9780028025384 (paperback) |
| 082 04 - DEWEY DECIMAL CLASSIFICATION NUMBER | |
| Classification number | 808.06665 |
| 090 ## - LOCALLY ASSIGNED LC-TYPE CALL NUMBER (OCLC); LOCAL CALL NUMBER (RLIN) | |
| -- | 4790 |
| -- | 4790 |
| 100 1# - MAIN ENTRY--PERSONAL NAME | |
| Personal name | Jaderstrom, Susan. |
| 245 10 - TITLE STATEMENT | |
| Title | Business english at work / |
| Statement of responsibility, etc. | Susan Jaderstrom, Joanne Miller. |
| 250 ## - EDITION STATEMENT | |
| Edition statement | 1st ed. |
| 260 ## - PUBLICATION, DISTRIBUTION, ETC. | |
| Place of publication, distribution, etc. | [S.l.] : |
| Name of publisher, distributor, etc. | Career Education, |
| Date of publication, distribution, etc. | 1999. |
| 300 ## - PHYSICAL DESCRIPTION | |
| Extent | 1 v. (unpaged) ; |
| Dimensions | 28 cm. |
| 520 ## - SUMMARY, ETC. | |
| Summary, etc. | Written in a conversational tone, this 18-chapter, 4-color text takes a totally new learning approach to relating business English to the world of work. Telecommunications, customer service, online references, and a host of other real-world topics connect directly to activities and exercises in grammar, punctuation, vocabulary, spelling, word division, and sentence writing/revising. |
| 700 1# - ADDED ENTRY--PERSONAL NAME | |
| Personal name | Miller, Joanne. |
| 856 40 - ELECTRONIC LOCATION AND ACCESS | |
| Materials specified | Amazon.com |
| Uniform Resource Identifier | <a href="http://www.amazon.com/exec/obidos/ASIN/0028025385/chopaconline-20">http://www.amazon.com/exec/obidos/ASIN/0028025385/chopaconline-20</a> |
| 942 ## - ADDED ENTRY ELEMENTS (KOHA) | |
| Institution code [OBSOLETE] | NBS |
| Koha item type | Book |
| Call number prefix | 808.06665 JAD |
| Withdrawn status | Lost status | Damaged status | Not for loan | Permanent Location | Current Location | Date acquired | Total Checkouts | Full call number | Barcode | Date last seen | Price effective from | Koha item type | Source of classification or shelving scheme |
|---|---|---|---|---|---|---|---|---|---|---|---|---|---|
| Central Library (CL) | Central Library (CL) | 08/28/2013 | 808.06665 JAD | NBS5143 | 08/28/2013 | 08/28/2013 | Book | ||||||
| Central Library (CL) | Central Library (CL) | 08/28/2013 | 808.06665 JAD | NBS4687etc | 08/28/2013 | 08/28/2013 | Book |
